000 00555ntaaa2200205 4500
003 01
005 20251027201309.0
008 0714s1973 ag 01
040 _aAR-BaBN
_bspa
_cAR-BaBN
_eaacr
_dRIC
082 _a221.8230 W93
100 _aWright, G. Ernest
_91243
245 _aOld Testament against its environment
250 _a1 ed. :
_bSCM Press,
_c1955
300 _a115 p.
500 _a"studies in biblical theology"
650 _aTeología-Antiguo Testamento
650 _aTeología Bíblica
_9313
650 _aBiblia-A.T.
_95519
942 _cBK
999 _c7378
_d7378